Les pays ayant un drapeau ne possédant QUE des rayures verticales - Statistiques

Statistiques générales
  • Ce quiz a été pris 254 fois
  • Le résultat moyen est 7 sur 10
Statistiques - réponses
Nom du pays % Correct
3 France
97%
6 Italie
89%
1 Belgique
86%
5 Irlande
83%
9 Roumanie
77%
2 Côte d'Ivoire
73%
10 Tchad
63%
7 Mali
61%
8 Nigeria
52%
4 Guinée
50%
Aucun quiz correspondant
Distribution des résultats
% des personnes avec chaque résultat
Percentile par nombre de réponses
Votre historique - résultats
Vous n’avez pas pris ce quiz